Catálogo - Centro de Recursos para el Aprendizaje y la Investigación

Volver al Sitio - CRAI Biblioteca

Geopolítica de la isla de Santo Domingo : (Registro nro. 114239)

Detalles MARC
000 -CABECERA
campo de control de longitud fija 00991nam a2200217Ia 4500
001 - NÚMERO DE CONTROL
campo de control 114239
003 - IDENTIFICADOR DEL NÚMERO DE CONTROL
campo de control DR-UNIBE
005 - FECHA Y HORA DE LA ÚLTIMA TRANSACCIÓN
campo de control 20260108093330.0
008 - DATOS DE LONGITUD FIJA--INFORMACIÓN GENERAL
campo de control de longitud fija 25112822005 dr spa spa
040 ## - FUENTE DE LA CATALOGACIÓN
Centro/agencia transcriptor BIBLIOTECA UNIBE
Normas de descripción rda
041 ## - CÓDIGO DE LENGUA
Código de lengua del texto/banda sonora o título independiente spa
082 ## - NÚMERO DE LA CLASIFICACIÓN DECIMAL DEWEY
Número de clasificación F-RD 6018
100 ## - ENTRADA PRINCIPAL--NOMBRE DE PERSONA
Nombre de persona Castillo Semán, Pelegrín
Fechas asociadas al nombre 1956-
9 (RLIN) 31767
Término indicativo de función/relación autor
245 0# - MENCIÓN DE TÍTULO
Título Geopolítica de la isla de Santo Domingo :
Resto del título migración haitiana y seguridad nacional /
Mención de responsabilidad, etc. Pelegrín Castillo
260 4# - PUBLICACIÓN, DISTRIBUCIÓN, ETC.
Lugar de publicación, distribución, etc. Santo Domingo :
Nombre del editor, distribuidor, etc. Fuerza Nacional Progresita,
Fecha de publicación, distribución, etc. 2005
300 4# - DESCRIPCIÓN FÍSICA
Extensión 26 páginas
505 4# - NOTA DE CONTENIDO CON FORMATO
Nota de contenido con formato Geopolitica de la isla de Santo Domingo : migración haitiana y seguridad nacional \ Pelegrin Castillo - Perfil de las relaciones dominico - haitianas \ Wenceslao Guerreo-Pou - Disertación 26 de Febrero \ Luis M. Campillo - La Rep. Dom. en la perspectiva haitiana \ Moisés Iturbides y Victor Mena -
650 ## - PUNTO DE ACCESO ADICIONAL DE MATERIA--TÉRMINO DE MATERIA
Fuente del encabezamiento o término lemb
Término de materia o nombre geográfico como elemento de entrada Inmigración
650 ## - PUNTO DE ACCESO ADICIONAL DE MATERIA--TÉRMINO DE MATERIA
Fuente del encabezamiento o término lemb
Término de materia o nombre geográfico como elemento de entrada Migración
9 (RLIN) 44628
942 ## - ELEMENTOS DE PUNTO DE ACCESO ADICIONAL (KOHA)
Fuente del sistema de clasificación o colocación Sistema de Clasificación Decimal Dewey
Tipo de ítem Koha Folleto
Existencias
Estado de retiro Estado de pérdida Fuente del sistema de clasificación o colocación No para préstamo Código de colección Localización permanente Ubicación/localización actual Fecha de adquisición Total de préstamos Signatura topográfica completa Código de barras Fecha visto por última vez Número de copia Precio válido a partir de Tipo de ítem Koha
  Disponible Sistema de Clasificación Decimal Dewey   Folletos - Dominicanos Biblioteca Central UNIBE Biblioteca Central UNIBE 01/01/2026   F-RD 6018 F250154 08/01/2026 Ej. 1 08/01/2026 Folleto